logo

Bir Sreshtho Munshi Abdur Rouf Library
Jhenaidah Cadet College

সেই ফুলেরই রৌশনিতে / (Record no. 13324)

MARC details
000 -LEADER
fixed length control field 00744nam a2200229 a 4500
001 - CONTROL NUMBER
JCCL Control Number 13324
003 - CONTROL NUMBER IDENTIFIER
JCCL marc code BD-JhCC
005 - DATE AND TIME OF LATEST TRANSACTION
control field 20230830085338.0
008 - FIXED-LENGTH DATA ELEMENTS--GENERAL INFORMATION
fixed length control field 230810b2020 bg |||| ||a| 000 0 ben d
020 ## - INTERNATIONAL STANDARD BOOK NUMBER
International Standard Book Number 9789843456474
035 ## - SYSTEM CONTROL NUMBER
system control number (BD-JhCC)13324
040 ## - CATALOGING SOURCE
Original cataloging agency BD-JhCC
Modifying agency BD-JhCC
041 ## - LANGUAGE CODE
Language code of Book bengali
082 ## - DEWEY DECIMAL CLASSIFICATION NUMBER
Classification number 297.12
Author mark and Year AMA 2020
100 ## - MAIN ENTRY--PERSONAL NAME
Personal name আল আমান,আবদুল আযীয
245 ## - TITLE STATEMENT
Title সেই ফুলেরই রৌশনিতে /
Statement of responsibility, etc আবদুল আযীয আল আমান।
260 ## - PUBLICATION, DISTRIBUTION, ETC. (IMPRINT)
Place of publication, distribution, etc ঢাকা :
Name of publisher, distributor, etc বইকেন্দ্র পাবলিকেশন;
Date of publication, distribution, etc ২০২০.
300 ## - PHYSICAL DESCRIPTION
Pagination ১১২ পৃ. :
Dimensions ২১ সেমি.
651 ## - SUBJECT ADDED ENTRY--GEOGRAPHIC NAME
Geographic name Islam.
942 ## - ADDED ENTRY ELEMENTS (KOHA)
Source of classification or shelving scheme Dewey Decimal Classification
Koha item type Books
Holdings
Source of classification or shelving scheme Damaged status Not for loan Home library Current library Shelving location Date of accession Cost, normal purchase price Total Checkouts Full call number Barcode Date last seen Copy number Method of acquisition Koha item type Currency
Dewey Decimal Classification     JCC Rouf Library JCC Rouf Library General Stacks 06/23/2023 130.00   297.12 AMA 2020 18228 08/30/2023 C-1 Purchase Books BDT

JCC Library | Contacts | JCC Home

Last Update on 23 September 2017
Copyright @ 2017-2020 JCC Rouf Library
Rouf Library, Jhenidah Cadet College (JCC), Bangladesh